[Event "Magnus Carlsen Invitational 2020"]
[Site "magnuscarlsen.com"]
[Date "2020.04.29"]
[Round "6.2"]
[White "Vachier-Lagrave, Maxime"]
[Black "Caruana, Fabiano"]
[Result "1/2-1/2"]
[WhiteElo "2860"]
[BlackElo "2773"]
[Annotator "TA"]
[PlyCount "81"]
[EventDate "2020.04.18"]
[EventType "tourn"]
[EventCountry "NOR"]
[SourceTitle "playchess.com"]
[Source "ChessBase"]
[SourceQuality "1"]

{[%evp 11,81,4,18,1,-10,-15,44,46,37,13,28,13,21,15,22,0,26,4,18,0,0,-14,-6,-37,-39,-28,-15,-56,-57,-60,-62,-59,-65,-65,-80,-70,-23,-47,-49,-50,-32,-43,-36,-36,-36,-36,-36,-43,-36,-36,-42,-42,-36,-44,-25,-30,-24,-36,-33,-35,0,0,0,0,0,0,0,0,0,0,0,0]} 1. d4 d5 2. c4 e6 3. Nc3 Be7 4. cxd5 exd5 5. Bf4 c6 6. e3 Bf5 {[#]} 7. h4 $146 {D31: Queen's Gambit Declined: Semi-Slav without ...Nf6 (+ Marshall Gambit and Noteboom) and Exchange Variation lines without ...Nf6.} ({Predecessor:} 7. Nge2 Nd7 8. Ng3 Be6 9. Nh5 Bf8 10. h4 Ngf6 11. Bd3 Nxh5 12. Qxh5 Nf6 13. Qe2 Bd6 14. f3 Bxf4 15. exf4 Nh5 {1-0 (57) Yu,Y (2709)-Oparin,G (2652) chess.com INT 2020}) 7... Nf6 8. Nge2 Ne4 (8... Nh5 $11) 9. Nxe4 $14 {White is slightly better.} Bxe4 10. f3 Bf5 11. g4 Be6 12. Bg3 O-O 13. Rc1 Nd7 14. Nf4 c5 15. Be2 Rc8 16. Kf2 Qb6 17. Qd2 cxd4 18. exd4 Bb4 19. Qd3 Ne5 $1 {[%cal Re5d3]} 20. Qe3 Nc4 21. Bxc4 $1 dxc4 22. Kg2 Rfe8 23. Qf2 Bd6 24. Rhe1 Bxf4 25. Bxf4 f6 26. d5 {[#] Threatens to win with Qxb6.} Qxf2+ 27. Kxf2 Bxd5 28. Rxe8+ Rxe8 $15 {[%mdl 4096] Endgame KRB-KRB} 29. Rd1 Be6 30. Rd4 Kf7 31. Bd2 Rc8 32. a3 Ke8 33. Bc3 Rc5 34. Re4 Kf7 35. h5 Rd5 36. Rxc4 {The position is equal.} Rd2+ 37. Bxd2 Bxc4 38. Bc3 a6 39. Kg3 Bd5 40. Kf4 Bc6 41. Kg3 {Accuracy: White = 93%, Black = 87%.} 1/2-1/2

[Event "Magnus Carlsen Invitational 2020"]
[Site "magnuscarlsen.com"]
[Date "2020.04.29"]
[Round "6.2"]
[White "Ding, Liren"]
[Black "Nakamura, Hikaru"]
[Result "1/2-1/2"]
[WhiteElo "2836"]
[BlackElo "2829"]
[Annotator "TA"]
[PlyCount "130"]
[EventDate "2020.04.18"]
[EventType "tourn"]
[EventCountry "NOR"]
[SourceTitle "playchess.com"]
[Source "ChessBase"]
[SourceQuality "1"]

{[%evp 18,130,22,9,10,7,12,12,13,13,10,14,25,31,15,21,36,3,9,6,9,9,9,10,15,10,27,14,10,10,27,24,29,31,32,27,63,27,32,0,5,6,11,3,16,17,7,0,0,0,91,87,114,0,0,0,145,145,134,143,150,118,118,17,17,17,17,17,17,19,21,0,0,0,0,0,0,0,0,0,9,9,24,24,28,0,0,0,237,0,0,0,0,0,0,0,0,0,0,0,0,0,0,0,0,0,0,0,0,0,0,0,0,0,0]} 1. d4 Nf6 2. c4 e6 3. g3 d5 4. Bg2 Be7 5. Nf3 O-O 6. O-O dxc4 7. Qc2 a6 8. a4 Bd7 9. Qxc4 Bc6 10. Bf4 Bd6 {E05: Open Catalan: 5 Nf3 Be7.} 11. Qc1 Nbd7 12. Re1 Qe7 13. Nc3 Bxf3 14. Bxf3 Bxf4 15. Qxf4 c6 16. a5 e5 17. dxe5 Nxe5 18. Bg2 Rfe8 19. Red1 Rad8 20. Rxd8 Rxd8 21. Ra4 {[#]} Qd6 $146 ({Predecessor:} 21... Qc7 22. h3 h6 23. Kh2 Qe7 24. Ne4 Ne8 25. Qe3 Nd7 26. Rd4 f5 27. Qb3+ Kh8 {1-0 (46) Rawlings,A (2352)-Herrera H,B (2171) ICCF email 2016}) 22. h3 h6 23. Kh2 Qc5 24. Ne4 Nxe4 25. Rxe4 Re8 26. b4 Qd6 27. h4 (27. Rd4 $5 {[%cal Rd4d6]} Qe6 28. Be4 $11) 27... h5 28. Bh3 g6 29. Rd4 $36 {[%mdl 2048] White has some pressure.} Qe7 30. Qc1 Qf6 31. Rf4 Qd6 32. Qc3 Qd1 33. Qb2 Qe1 (33... Qd5 $11) 34. Kg2 $1 $16 Kh7 {[#]} 35. Bc8 (35. Bd7 $1 $16 {[%cal Rd7e8][%mdl 512]} Re7 (35... Nxd7 36. Rxf7+) 36. Bc8) 35... Qd1 $1 $11 {[%cal Rd1d5]} 36. Rd4 Qa4 {[#]} (36... Nc4 $1 $11 {remains equal.} 37. Rxd1 Nxb2) 37. Re4 $1 $16 {Hoping for Bd7.} ({Stronger than} 37. Bxb7 Qb5 $15) 37... Qb5 {[#]} 38. Qd4 $1 f6 39. f4 c5 40. Qd5 (40. bxc5 $16 Rxc8 41. fxe5 fxe5 42. Rxe5) 40... Rxc8 $11 41. fxe5 {[%mdl 4096] Endgame KQR-KQR} f5 42. Rc4 {Threatens to win with Kf2.} Re8 $1 43. e6 {Kf1 is the strong threat.} Qc6 $1 {[%cal Rc6d5]} 44. Rxc5 (44. Qxc6 {with more complications.} bxc6 45. Rxc5 Rxe6 46. Kf3 Kg7 47. Rc4) 44... Qxd5+ 45. Rxd5 Rxe6 {KR-KR} 46. Rd7+ Kh6 47. Rxb7 {Black must now prevent Kf3.} Rxe2+ 48. Kf3 Re4 $1 49. Rb6 Kg7 50. Rxa6 Rxb4 51. Rb6 Ra4 52. a6 Rg4 $2 (52... Ra3+ $11 {and Black stays safe.} 53. Kf4 Kh6) 53. a7 $2 (53. Rb7+ $18 Kf6 54. Rb8) 53... Ra4 {The position is equal.} 54. Rb7+ Kf6 55. Ke3 g5 56. hxg5+ Kxg5 57. Kd3 Ra1 58. Kc4 f4 59. gxf4+ Kxf4 60. Rh7 Kg4 61. Kb5 h4 62. Kb6 h3 63. Kb7 Rxa7+ 64. Kxa7 Kg3 65. Rxh3+ Kxh3 {Accuracy: White = 81%, Black = 92%.} 1/2-1/2

[Event "Magnus Carlsen Invitational 2020"]
[Site "magnuscarlsen.com"]
[Date "2020.04.28"]
[Round "6.2"]
[White "Nepomniachtchi, Ian"]
[Black "Carlsen, Magnus"]
[Result "1/2-1/2"]
[WhiteElo "2778"]
[BlackElo "2881"]
[Annotator "TA"]
[PlyCount "109"]
[EventDate "2020.04.18"]
[EventType "tourn"]
[EventCountry "NOR"]
[SourceTitle "playchess.com"]
[Source "ChessBase"]
[SourceQuality "1"]

{[%evp 9,109,21,70,63,63,62,77,64,51,47,68,41,68,75,86,74,66,79,76,79,72,81,96,75,63,51,147,14,19,22,49,56,121,106,132,125,69,70,70,72,135,116,98,100,137,14,55,51,48,37,68,33,33,6,43,6,25,17,16,14,32,32,33,32,60,8,7,7,7,-22,-25,-41,0,-208,-206,-308,-308,-308,-308,-308,-308,-307,-304,-279,-285,-279,-286,-273,-256,-29976,0,0,0,0,0,0,0,0,0,0,0,0]} 1. e4 Nc6 2. d4 d5 3. e5 Bf5 4. c3 e6 5. Nf3 Qd7 6. Nh4 {B00: Queen's Fianchetto Defence, Nimzowitsch Defence.} Be4 7. Nd2 {[#]} O-O-O $146 ({Predecessor:} 7... Be7 8. Nxe4 dxe4 9. Qg4 O-O-O 10. Qxe4 f5 11. exf6 Nxf6 12. Qd3 Rhe8 13. Be3 Ng4 14. Nf3 e5 15. O-O-O exd4 16. Qc2 Qe6 17. Bxd4 Nxd4 18. Nxd4 Qf6 19. Bd3 Qxf2 20. Rd2 Bg5 {0-1 (20) Warzecha,H (1999)-Remshagen,P (2092) GER email 2013}) 8. Bb5 {White is better.} a6 9. Ba4 f6 10. Nhf3 Nge7 11. O-O $1 Ng6 12. Re1 ({Of course not} 12. Nxe4 dxe4 13. Nd2 fxe5 $11) 12... Bf5 13. b4 fxe5 14. dxe5 b5 15. Bc2 d4 16. Bxf5 exf5 17. c4 $1 Bxb4 (17... bxc4 $14 18. Nxc4 Bxb4) 18. cxb5 ({Only move:} 18. e6 $16 Qd6 19. cxb5 axb5 20. Rb1) 18... axb5 $11 {Hoping for ...Qd5.} 19. Rb1 Rhe8 20. a4 $1 {[%cal Ra4b5]} Qd5 (20... Bc3 $14 21. Rxb5 Qe6) 21. axb5 $16 Bxd2 22. Bxd2 Ncxe5 23. Nxe5 Rxe5 ({Don't go for} 23... Nxe5 $2 24. Qa4 $16) 24. b6 Rxe1+ (24... cxb6 $142 25. Qc2+ (25. Rxb6 Rxe1+ 26. Qxe1 Kd7 $14) 25... Kd7) 25. Qxe1 Kd7 26. bxc7 Rc8 {[#]} 27. Rb4 (27. Qe2 $1 $16) 27... Rxc7 28. Qa1 Ke8 29. Rxd4 Qe6 30. h4 Rd7 31. Qa4 {Strongly threatening Bb4.} Ne5 32. Bf4 Nc6 33. Rc4 Ne7 $1 34. Rc7 Nd5 35. Rc6 Qe1+ 36. Kh2 Kf7 37. Qa2 (37. Ra6 $14 Qe8 38. Qb5) 37... Qe4 $11 38. g3 h6 39. h5 Qf3 40. Kg1 Kg8 41. Rc8+ $2 (41. Qa8+ $11 {and White stays safe.} Kf7 42. Bd6 Qd1+ 43. Kh2 Qxh5+ 44. Kg2) 41... Kh7 $19 42. Qa8 (42. Qb1 $142 Ne3 43. Bxe3 Rd1+ 44. Qxd1 Qxd1+ 45. Kg2) 42... Qd1+ 43. Kh2 {[%csl Ga8][%cal Rc8h8]} Qxh5+ 44. Kg1 Qd1+ 45. Kh2 {intending Rh8+.} Nxf4 46. Rh8+ Kg6 {( -> ...Qh5+)} 47. Qe8+ Kg5 {Threatens to win with ...Nh3!} 48. gxf4+ Kxf4 {[%mdl 4096] Endgame KQR-KQR} 49. Rf8 $2 {[#]} (49. Qe3+ $19 Kg4 50. Qg3+ Kh5 51. Qh3+ Kg6 52. Qg2+ Kf7 53. Qh3) 49... Kg5 $2 (49... Rd3 {mates} 50. Rxf5+ Kxf5 51. Qf8+ Ke4 52. Qf7 Rd5 53. Qe8+ Re5 54. Qc6+ Kf5 55. Qb7 Kg6 56. Qc6+ Kh7 57. Kg3 Qg1+ 58. Kf3 Qh1+ 59. Kf4 Qh2+ {[%mdl 64] Double Attack} 60. Kg4 Rg5+ 61. Kf3 Qh1+ 62. Kf4 Qxc6 63. f3 Qc4+ 64. Ke3 Re5+ 65. Kf2 Qh4+ 66. Kg2 Re2+ 67. Kg1 Qe1#) 50. Qe3+ $11 {The position is equal.} Kg6 {...Qh5+ is the strong threat.} 51. Qe6+ Kh7 {White must now prevent ...Qh5+.} 52. Qg8+ Kg6 53. Qe6+ {[%mdl 64] Double Attack} Kh7 {aiming for ...Qh5+.} 54. Qg8+ Kg6 55. Qe6+ {[%mdl 64] Double Attack. Black had all chances to win. Accuracy: White = 61%, Black = 67%.} 1/2-1/2

[Event "Magnus Carlsen Invitational 2020"]
[Site "magnuscarlsen.com"]
[Date "2020.04.28"]
[Round "6.2"]
[White "Giri, Anish"]
[Black "Firouzja, Alireza"]
[Result "1-0"]
[WhiteElo "2731"]
[BlackElo "2703"]
[Annotator "TA"]
[PlyCount "109"]
[EventDate "2020.04.18"]
[EventType "tourn"]
[EventCountry "NOR"]
[SourceTitle "playchess.com"]
[Source "ChessBase"]
[SourceQuality "1"]

{[%evp 13,109,16,20,30,34,30,44,33,46,32,55,25,10,25,18,0,36,38,62,0,20,6,7,3,72,-52,-55,-105,-27,-78,-82,-151,-152,-139,-138,-317,-218,-314,-325,-458,-451,-437,-345,-347,0,0,0,0,0,0,0,0,0,0,0,0,39,0,0,0,206,192,128,0,223,0,103,88,119,118,115,111,179,152,254,107,340,354,370,381,578,482,1501,347,918,891,1414,793,29977,29978,29977,29978,29989,29990,29990,29989,29991,1443]} 1. e4 c6 2. d4 d5 3. e5 Bf5 4. Nf3 e6 5. Be2 Ne7 6. c3 h6 7. O-O Nd7 8. Nbd2 {B12: Caro-Kann: Advance Variation.} a5 9. a4 g5 {9...Bh7 is a critical line.} 10. Ne1 {[#] White is slightly better.} Qc7 $146 ({Predecessor:} 10... Qb6 11. Nd3 Bg7 12. Nb3 O-O 13. Nbc5 Nxc5 14. Nxc5 Qc7 15. f4 gxf4 16. Bxf4 b6 {1-0 (50) Nepomniachtchi,I (2763)-Fedoseev,V (2724) Wijk aan Zee 2019}) 11. Bh5 c5 12. f4 cxd4 13. cxd4 Nc6 14. Ndf3 gxf4 15. Bxf4 Be7 16. Kh1 (16. Nc2 $14) 16... O-O-O 17. Bxf7 Rdf8 18. Bh5 Kb8 (18... Qb6 $11) 19. Rc1 ({White should play} 19. Be3 $16) 19... Qb6 $1 $15 20. Qd2 Qb3 (20... Bg5 $1 $17 21. Be3 Bxe3 22. Qxe3 Qxb2) 21. Bxh6 (21. Ng1 $11 {remains equal.}) 21... Rc8 $17 22. Ng1 (22. Kg1 $142) 22... Bb4 $1 $36 {[%cal Rb4d2][%mdl 2048] Black is on the roll.} (22... Qxa4 $6 23. Ne2 $11) 23. Qf4 Qxb2 24. Nef3 $2 (24. Rf2 $17 Qxd4 25. Rxc6 Qxf4 {[%mdl 64] Pin} 26. Rxc8+ Kxc8 27. Bxf4) 24... Nb6 25. h3 (25. Nh4 $142 Bd3 26. Rf2 Qxd4 27. Rxc6 Qxf4 {[%mdl 64] Pin} 28. Rxc8+ Kxc8 29. Rxf4 Rxh6 30. Bd1) 25... Nxa4 $19 26. Bg4 (26. Qe3 {was worth a try.}) 26... Bxg4 27. hxg4 Rcf8 28. Qe3 Nxd4 $2 (28... Rfg8 $19 29. g5 Nxd4 $1 {[%mdl 512]} 30. Qxd4 Rxh6+ $1 {[%mdl 512]} 31. Nh3 Qxd4 {[%mdl 64] Overworked Piece} 32. Nxd4 Rxg5) 29. Nxd4 $11 Rxf1 30. Rxf1 Bd2 $1 {[%cal Rd2e3]} 31. Rf8+ Rxf8 32. Qxd2 Rh8 33. Nh3 Qa1+ 34. Kh2 Nc5 (34... Rxh6 $5 35. Qxh6 Qxd4 {[%mdl 64] Double Attack} 36. Qxe6 Nb6 $11) 35. g5 (35. Nb5 $5 {[%cal Rd2f2]} Qa4 {[%mdl 64] Double Attack} 36. Nd6 $11) 35... Ne4 36. Qe3 Rg8 $2 (36... a4 $11 {and Black is okay.}) 37. Nf4 $18 (37. Nxe6 Qxe5+ 38. Nhf4 Rh8 $11) 37... a4 ({Black should try} 37... Qc3 $18 38. Qxc3 Nxc3) 38. Nc6+ (38. Ndxe6 $6 Qxe5 39. Nc5 Rd8 $11) (38. Nfxe6 $16 {White threatens Nc6+! and mate.} Qc3 39. Qxc3 Nxc3 40. Bf8) 38... Kc7 $2 (38... bxc6 $11 39. Qb6+ {[%mdl 64] Double Attack} Ka8) 39. Nd4 $2 (39. Ne7 $1 $18 {[%cal Re7g8]} Re8 40. g6 (40. Nxe6+ Kd7 $14) 40... Rxe7 41. Bf8) 39... a3 (39... Kb8 $11) 40. Nb5+ ({Reject} 40. Nfxe6+ $6 Kc8 $11) ({But not} 40. Ndxe6+ $6 Kb8 $11) 40... Kc6 41. Nxa3 {Hoping for Nc4!} Qxe5 {White must now prevent ...Rh8.} 42. Nc2 Kd7 (42... b6 $16 {is a better defense.}) 43. Nd4 Re8 (43... Qh8 $16) 44. g3 (44. Nf3 $1 $18 {[%cal Rf3e5] and the rest is easy.} Qc7 45. Bg7) 44... Qc7 $2 (44... Nf6 $16 {was necessary.} 45. Qb3 (45. Qxe5 Ng4+ 46. Kh3 Nxe5 $14) 45... Ng4+ 46. Kh3 Nf2+ 47. Kg2 Qxd4) 45. Qb3 {aiming for Qa4+.} Nd6 46. Nh5 {And now Nf6+ would win.} Ra8 (46... Rh8 {keeps fighting.} 47. Nf6+ Kc8) 47. Nf6+ Kc8 (47... Ke7 $142 48. Nxe6 Kxe6) 48. Qe3 $2 (48. g6) 48... Ra2+ $2 (48... Ne4 49. Nxe4 dxe4 50. Qxe4 Ra5 51. Qxe6+ Qd7 52. Qg8+ Qd8 53. Qc4+ Qc7 54. Qg8+ Qd8 55. Qc4+ Qc7) 49. Kh3 Qf7 50. Nxe6 {Intending Qc5+ and mate.} Nf5 51. Qc5+ {[%mdl 64] Double Attack. White mates.} Kb8 52. Qxd5 {[%mdl 64] Double Attack} Rf2 53. Nd7+ Kc8 54. Nb6+ Kb8 {[#]} 55. Qd8+ {Quite a comeback for White. Accuracy: White = 46%, Black = 45%.} (55. g6 $142 $1 Qe7 (55... Qxg6 56. Qe5+) 56. Bf4+ Rxf4 57. Qe5+ {[%mdl 64] Double Attack} Qd6 58. Qh8+ Ka7 59. Nc8+ {[%mdl 64] Double Attack} Ka6 60. Qa1+ Kb5 61. Nxd6+ Nxd6 {[#]} 62. Qe5+ $1 {[%mdl 512]} Kc6 63. g7) 1-0

[Event "Magnus Carlsen Invitational 2020"]
[Site "magnuscarlsen.com"]
[Date "2020.04.28"]
[Round "6.3"]
[White "Carlsen, Magnus"]
[Black "Nepomniachtchi, Ian"]
[Result "1-0"]
[WhiteElo "2881"]
[BlackElo "2778"]
[Annotator "TA"]
[PlyCount "111"]
[EventDate "2020.04.18"]
[EventType "tourn"]
[EventCountry "NOR"]
[SourceTitle "playchess.com"]
[Source "ChessBase"]
[SourceQuality "1"]

{[%evp 9,111,23,25,21,10,-28,12,0,8,7,14,6,16,0,9,0,13,6,50,52,45,27,45,26,59,20,23,25,73,59,87,76,171,167,239,229,243,225,158,152,232,249,220,231,258,250,237,255,265,247,524,518,498,406,345,327,322,306,552,552,549,556,556,556,558,558,558,558,555,550,2182,2045,1629,1358,1441,965,1168,908,1285,983,2570,953,939,913,946,935,863,834,985,917,2667,2547,12836,12836,12837,12837,12837,12838,12838,12838,12839,12838,12839,12839]} 1. d4 Nf6 2. Bf4 c5 3. d5 d6 4. Nc3 a6 5. a4 e5 6. Bd2 {[#] A45: Trompowsky Attack.} e4 $146 ({Predecessor:} 6... Bf5 7. e3 h5 8. h4 Ne4 9. Bd3 Nxc3 10. Bxc3 Bxd3 11. Qxd3 Nd7 12. a5 g6 {1-0 (44) Nihal,S (2606)-Laylo,D (2433) Xingtai 2019}) 7. h3 h5 8. Bf4 {The position is equal.} Bf5 9. e3 Nbd7 10. a5 h4 11. Nge2 Ne5 12. Nc1 Nfd7 13. Nb3 Bg6 14. Nd2 f5 15. f3 exf3 16. gxf3 Bh5 17. Rg1 Nf7 18. Be2 Qf6 19. Nc4 g6 20. Bh2 Nde5 (20... Nfe5 $16) 21. Nb6 $36 {[%mdl 2048] White has strong initiative.} Rd8 (21... Rb8 $142) 22. f4 Nd7 23. Bxh5 Rxh5 24. Nc4 $1 Bg7 (24... Ke7 $16 {might work better.} 25. Qe2 Re8) 25. Qd3 Kf8 26. O-O-O Re8 27. Rg2 Kg8 28. e4 fxe4 29. Nxe4 Qe7 $2 (29... Qd4) 30. Re1 Kh8 31. Rxg6 Nf6 32. Qc3 Rh7 33. Qf3 Nxd5 $2 (33... Rh6 {is a better defense.}) 34. f5 {White is clearly winning.} Nf6 {Hoping for ...d5.} 35. Bxd6 {[%mdl 64] Double Attack} Qd8 36. Kb1 Rxe4 37. Rxe4 {Black must now prevent Be7.} Nxd6 38. Nxd6 Qxd6 39. Re6 Qf8 40. Qxb7 Ng8 41. Qe4 Qf7 42. Re8 Rh6 43. Rxh6+ Bxh6 {[#]} 44. Qe6 $1 Kg7 {[#]} 45. Qxf7+ (45. f6+ $142 $1 {[%mdl 512]} Nxf6 {[#]} (45... Qxf6 46. Qxg8#) 46. Re7 $1 {[%mdl 512]} Qxe7 47. Qxe7+ Kg6 48. Qd6) 45... Kxf7 46. Re6 Bd2 47. Rxa6 Ne7 48. c3 c4 49. f6 Ng6 50. Rc6 Ne5 51. Rc7+ Kxf6 52. a6 Be3 53. a7 Bxa7 54. Rxa7 Kg5 55. Rg7+ Kf4 56. Ka2 {Accuracy: White = 86%, Black = 43%.} 1-0

[Event "Magnus Carlsen Invitational 2020"]
[Site "magnuscarlsen.com"]
[Date "2020.04.29"]
[Round "6.3"]
[White "Nakamura, Hikaru"]
[Black "Ding, Liren"]
[Result "1/2-1/2"]
[WhiteElo "2829"]
[BlackElo "2836"]
[Annotator "TA"]
[PlyCount "58"]
[EventDate "2020.04.18"]
[EventType "tourn"]
[EventCountry "NOR"]
[SourceTitle "playchess.com"]
[Source "ChessBase"]
[SourceQuality "1"]

{[%evp 9,58,19,23,19,17,3,6,3,6,0,0,0,17,8,45,-9,-9,-37,-31,-40,-37,-54,-34,-43,103,102,85,-54,-2,0,-7,-16,83,85,68,-25,-40,-31,-27,-45,-41,-40,-45,-44,-52,-57,0,-39,0,-56,0]} 1. e4 e5 2. Nf3 Nc6 3. Bb5 Nf6 4. d3 Bc5 5. Bxc6 dxc6 6. O-O {C65: Ruy Lopez: Berlin Defence (3...Nf6), unusual lines and 4 0-0 Bc5.} Nd7 7. Nbd2 {7.c3 gains popularity. Played by Wesley So in February 2020.} O-O 8. Nc4 {The position is equal.} Re8 9. a4 a5 10. Be3 {[#]} Bb4 $146 ({Predecessor:} 10... Bf8 11. Nfd2 Nb6 12. Qh5 Nxc4 13. Nxc4 f6 14. Qe2 Be6 15. b3 b6 16. Bc1 Qd7 17. h3 Rad8 18. Bd2 {½-½ (18) Johnson,B (2481)-Straka,Z (2576) ICCF email 2017}) 11. Nfd2 b5 12. Na3 ({White should play} 12. axb5 $14 cxb5 13. c3) 12... Ba6 $11 13. f4 exf4 14. Rxf4 Bd6 15. Rf2 Qh4 16. h3 Nb6 (16... Qe7 $15 {stays ahead.}) 17. axb5 $16 cxb5 18. Qf3 ({Reject} 18. Bxb6 cxb6 19. Rf5 Qh6 $17) (18. Nxb5 $16 Bxb5 19. Rf5 Bxd3 20. cxd3) 18... f6 ({Black should try} 18... Qe7 $15) 19. Nab1 $11 a4 20. Nc3 Nd7 {[#]} (20... Qg3 $11 {keeps the balance.} 21. Qxg3 Bxg3) 21. Qf5 $1 $16 {[%cal Rf5d7]} Ne5 22. Nf3 ({Only move:} 22. d4 $1 $14) 22... Nxf3+ $11 23. Qxf3 Qg3 {...Qh2+ is the strong threat.} 24. Qxg3 Bxg3 25. Rf3 Be5 {White must now prevent ...a3!} 26. Bf4 Bd4+ 27. Be3 Be5 {Threatens to win with ...a3!} 28. Bf4 Bd4+ 29. Be3 Be5 {Accuracy: White = 75%, Black = 71%.} (29... Bxc3 $15 30. bxc3 Bc8) 1/2-1/2

[Event "Magnus Carlsen Invitational 2020"]
[Site "magnuscarlsen.com"]
[Date "2020.04.29"]
[Round "6.3"]
[White "Caruana, Fabiano"]
[Black "Vachier-Lagrave, Maxime"]
[Result "1-0"]
[WhiteElo "2773"]
[BlackElo "2860"]
[Annotator "TA"]
[PlyCount "205"]
[EventDate "2020.04.18"]
[EventType "tourn"]
[EventCountry "NOR"]
[SourceTitle "playchess.com"]
[Source "ChessBase"]
[SourceQuality "1"]

{[%evp 21,205,18,18,3,19,4,21,22,31,16,14,17,42,13,22,0,17,14,66,0,0,-2,-14,-48,-50,-106,-87,-115,-104,-81,-93,-70,-39,-33,-41,-45,0,0,0,0,0,0,52,54,88,88,88,88,88,88,88,48,81,60,88,88,88,88,88,88,88,88,89,89,89,88,88,88,88,88,88,88,88,88,88,88,88,88,88,88,88,88,88,88,88,88,88,88,88,88,88,88,88,88,88,75,89,0,52,0,0,0,0,0,0,0,0,0,0,0,0,0,0,0,0,0,0,0,0,0,0,0,0,0,0,0,0,0,0,5,83,0,0,0,0,0,0,0,0,0,0,0,0,15,16,23,30,30,45,0,95,111,29962,29964,29964,0,0,0,0,0,0,0,0,0,0,0,0,0,0,0,29961,29963,9712,0,11716,0,368,2477,29982,29983,29983,29984,29988,29989,29992,29993]} 1. d4 f5 2. g3 Nf6 3. Bg2 g6 4. Nf3 Bg7 5. O-O O-O 6. c4 d6 7. Nc3 c6 8. d5 e5 9. dxe6 Bxe6 10. b3 Na6 11. Bb2 Qe7 12. e3 $5 {[%mdl 4] A promising side line. A88: Dutch Defence: Leningrad System: 5 Nf3 0-0 6 0-0 d6 7 Nc3 c6.} Nc5 13. Qe2 {[#]} Rad8 $146 ({Predecessor:} 13... a5 14. Rfd1 a4 15. Nd4 Bf7 16. Rac1 axb3 17. axb3 Nfe4 18. b4 Nxc3 19. Bxc3 Ne4 {0-1 (28) Xiang,Z (2423)-Lu,S (2630) Tianjin 2018}) 14. Rad1 {The position is equal.} h6 15. Qc2 Bf7 16. Ne2 Nce4 17. Nd2 Nc5 18. Nf3 Rfe8 19. Ned4 Nce4 ({Black should try} 19... a5 $11) 20. Nd2 (20. Nh4 $1 $14) 20... d5 $11 21. cxd5 Bxd5 22. N2f3 Ng4 23. Rde1 (23. Bc1 $15) 23... c5 $17 24. Nb5 Bxb2 25. Qxb2 a6 26. Nc3 Qg7 27. Rc1 Bc6 28. h3 Ngf6 29. Nxe4 Nxe4 30. Qc2 b5 31. Rfd1 Kh7 ({Black should play} 31... Qe7 $11) 32. Nd2 $14 Rc8 33. Nxe4 Bxe4 34. Bxe4 Rxe4 35. Rd6 c4 36. Rcd1 Re7 37. Rxa6 Rd7 38. Rxd7 Qxd7 39. bxc4 bxc4 $16 {[%mdl 4096] Endgame KQR-KQR} 40. Ra3 Rc7 41. Rc3 Qd5 42. a4 h5 {[#]} 43. a5 $1 {[%mdl 576] Deflection} Qxa5 44. Rxc4 Rxc4 45. Qxc4 {KQ-KQ} Qa1+ 46. Kh2 Qa7 47. Qf4 Qd7 48. Qe5 Qb7 49. Qd6 Qb2 50. Qe7+ Kh6 51. Kg2 Qb3 52. g4 hxg4 53. hxg4 fxg4 54. Qh4+ Kg7 55. Qxg4 Qd5+ 56. Kg3 (56. Kf1 {keeps more tension.} Qd3+ 57. Kg1 Qb1+ 58. Kh2 Qb8+ 59. Qg3) 56... Qc6 57. Qd4+ Kh7 58. e4 Qb7 59. e5 (59. Qe5 {is interesting.} Qb6 60. Kf3 Qb3+ 61. Kf4 Qd1 62. Qc7+) 59... Qb3+ $1 60. f3 (60. Kg2 $14 Qe6 61. f3) 60... Qb1 $11 61. Kf4 (61. f4 {looks sharper.} Qf5 62. Qe3 Kg7 63. Qa7+ Kf8 64. Qa6) 61... Qf5+ 62. Ke3 Qg5+ 63. Kd3 (63. Qf4 {seems wilder.} Qg1+ 64. Ke2 Qb1 65. Qf7+ Kh8 66. Qc7) 63... Qf5+ 64. Qe4 Qe6 65. Ke3 {And now Qd4 would win.} Kg7 66. Kf4 Qf7+ 67. Kg3 Qb3 68. Qd4 Qe6 69. Qd6 Qf5 70. Qe7+ Kg8 71. Qd8+ Kg7 72. Qc7+ Kg8 73. Qc4+ Kg7 74. Qf4 Qe6 75. Qd4 {Threatens to win with Qd6.} Kf7 (75... Qf5 $11) 76. f4 (76. Qe4 $16) 76... Qb3+ 77. Kh4 {Black must now prevent Qd7+.} Qb7 78. Qd1 Kg7 79. Qa1 (79. Kg3 {feels hotter.} Qe4 80. Qd7+ Kh6 81. Qd2 Kg7 82. Qd7+) 79... Qe7+ 80. Kg3 Qe6 81. Qa7+ Kg8 82. Qb8+ Kf7 83. Qc7+ Kg8 84. Qd6 Qf5 85. e6 {White threatens e7 and mate.} Qe4 (85... Qf6 $11 {remains equal.}) 86. Kf2 $1 $16 Kg7 $2 {[%mdl 8192]} (86... Qc2+ $16 87. Ke3 Qc1+ 88. Kd4 Kg7 89. Qe5+ Kg8) 87. Qe7+ $1 Kh6 {[#]} 88. Qd6 $2 (88. Qf6 $1 {mates} Kh7 89. e7 Qc2+ 90. Kg3 Qd3+ 91. Kh4 Qf3 92. Qe5 Qh1+ 93. Kg5) 88... Kg7 $11 89. Qc7+ Kh6 $1 90. e7 {White wants to mate with Qe5.} Qd4+ 91. Ke2 Qe4+ 92. Kd2 {Qe5 is the strong threat.} (92. Kd1 $5 {[%cal Rc7e5]} Qd4+ 93. Kc2 Qe4+ 94. Kc3 Qe1+ 95. Kd4 Qd1+ 96. Ke4 Qh1+ 97. Ke3 Qe1+ 98. Kf3 Qd1+ 99. Ke4 Qh1+ 100. Ke5 Qh5+ 101. Ke4 Qh1+ $16) 92... Qd4+ 93. Kc2 Qa4+ 94. Kc3 {aiming for Qe5.} Qa3+ 95. Kd4 Qb4+ $2 {[%mdl 8192]} (95... Qa4+ $11 96. Ke5 Qb5+ 97. Kd6 Qd3+ 98. Kc6 Qe4+ 99. Kb5 (99. Kd7 Qf5+ 100. Kc6 Qe6+ 101. Kb7 Qe4+ 102. Kb8 Qb1+ 103. Ka7 Qa2+ 104. Kb7 Qb1+ 105. Kc8 Qf5+ 106. Qd7 Qc5+ 107. Kd8 Qb6+ 108. Qc7 Qd4+ 109. Qd7 Qb6+ 110. Qc7 Qd4+ 111. Qd7 Qb6+ $18) 99... Qe2+ 100. Kb6 Qb2+ 101. Ka7 Qa2+ 102. Kb8 Qb3+ 103. Kc8 Qe6+ 104. Kb7 Qe4+ 105. Kc8 Qf5+ 106. Qd7 Qc5+ 107. Kd8 Qb6+ 108. Qc7 Qd4+ 109. Qd7 Qb6+ 110. Qc7 Qd4+ 111. Kc8 Qe4) 96. Kd5 $1 Qb5+ {[#]} 97. Kd6 $2 (97. Qc5 $1 $18 {[%cal Rc5b5]} Qd7+ 98. Qd6 Qb5+ 99. Kd4 Qa4+ 100. Ke5) 97... Qd3+ $2 {[%mdl 8192]} (97... Qa4 $11) 98. Kc6 $18 Qe4+ $2 {[%mdl 8192]} (98... Qc2+ $11 {and Black stays safe.} 99. Kb7 Qe4+ 100. Kb8 Qb1+ 101. Kc8 Qf5+ 102. Qd7 Qc5+ 103. Kd8 Qb6+ 104. Qc7 Qd4+ 105. Kc8 Qa4) 99. Kd7 Qd5+ 100. Qd6 {White mates.} Qb7+ {[#]} 101. Ke6 $1 Qc8+ 102. Kf7 {[%csl Gf7][%cal Rd6g6]} Qf5+ 103. Qf6 {Accuracy: White = 87%, Black = 77%.} 1-0